Toxicological profile for chloroform.

Bibliographic Details
Corporate Authors: Research Triangle Institute, United States. Agency for Toxic Substances and Disease Registry
Format: Government Document eBook
Language:English
Published: [Washington, D.C.] : U.S. Dept. of Health and Human Services, Public Health Service, Agency for Toxic Substances and Disease Registry, [1997]
Subjects:
Online Access:https://purl.fdlp.gov/GPO/gpo31118

MARC

Tag First Indicator Second Indicator Subfields
LEADER 00000cam a2200000 a 4500
001 in00002787621
005 20211120170402.0
006 m o d f
007 cr un|||||||||
008 111002s1997 dcua ob f000 0 eng c
035 |a (OCoLC)ocn755276217 
040 |a OCLCE  |b eng  |c OCLCE  |d GPO  |d MvI  |d UtOrBLW 
042 |a pcc 
049 |a WWW 
074 |a 0504-R-04 (online) 
086 0 |a HE 20.518:C 45/9/UPDATE 
245 0 0 |a Toxicological profile for chloroform. 
264 1 |a [Washington, D.C.] :  |b U.S. Dept. of Health and Human Services, Public Health Service, Agency for Toxic Substances and Disease Registry,  |c [1997] 
300 |a 1 online resource (343 pages) :  |b illustrations 
336 |a text  |b txt  |2 rdacontent 
337 |a computer  |b c  |2 rdamedia 
338 |a online resource  |b cr  |2 rdacarrier 
500 |a Title from title screen (viewed on Nov. 5, 2012). 
500 |a "A Toxicological Profile for chloroform was released in April 1993. This edition supersedes any previously released draft or final profile"--P. iii. 
500 |a "September 1997." 
504 |a Includes bibliographical references (pages 247-290). 
500 |a Electronic resource. 
650 0 |a Chloroform  |x Physiological effect. 
650 0 |a Chloroform  |x Toxicology. 
710 2 |a Research Triangle Institute. 
710 1 |a United States.  |b Agency for Toxic Substances and Disease Registry. 
776 0 8 |i Print version:  |t Toxicological profile for chloroform  |w (OCoLC)38094261 
856 4 0 |u https://purl.fdlp.gov/GPO/gpo31118  |t 0 
999 |a MARS 
999 f f |s 35fc0b1f-516e-3706-9acc-62ef1760c36d  |i e580f170-1f6f-38dd-8e1f-5b554d258578  |t 0 
952 f f |a Texas A&M University  |b College Station  |c Electronic Resources  |d Available Online  |t 0  |e HE 20.518:C 45/9/UPDATE  |h Superintendent of Documents classification 
998 f f |a HE 20.518:C 45/9/UPDATE  |t 0  |l Available Online